Taylor Swift - Chansons de l'album Evermore par ordre alphabétique - Statistiques

Statistiques générales
  • Ce quiz a été pris 92 fois
  • Le résultat moyen est 15 sur 17
Statistiques - réponses
Hint Réponse % Correct
C Champagne Problems
96%
E Evermore
93%
W Willow
93%
M Marjorie
91%
D Dorothea
89%
R Right Where You Left Me
89%
I Ivy
88%
N No Body, No Crime
88%
C Coney Island
86%
T 'Tis The Damn Season
86%
C Closure
84%
G Gold Rush
84%
C Cowboy Like Me
82%
H Happiness
82%
T Tolerate it
82%
L Long Story Short
81%
I It's Time To Go
79%
Aucun quiz correspondant
Distribution des résultats
% des personnes avec chaque résultat
Percentile par nombre de réponses
Votre historique - résultats
Vous n’avez pas pris ce quiz